000 00772nam a2200277 i 4500
001 C2-0118180
003 PPAK
005 20180727111048.0
008 970730s1994 my |||| ||||| | may d
020 _a9836241213
040 _aPPAK
_beng
_cPPAK
_erda
082 0 4 _a959.512
_223
090 0 0 _a959.512
_bMOH
_dG
090 0 0 _a959.512
_bMOH
_dKK
090 0 0 _a959.512
_bMOH
_dKMI
090 0 0 _a959.512
_bMOH
_dKSA
100 0 _aMohd Zamberi A. Malek,
_eauthor
245 1 0 _aPatani dalam tamadun Melayu
264 1 _aKuala Lumpur :
_bDewan Bahasa dan Pustaka ,
_c1994
300 _aix, 293 pages ;
_c21 cm
336 _2rdacontent
_atext
337 _2rdamedia
_aunmediated
338 _2rdacarrier
_avolume
650 1 0 _aMalays - Thailand - Patani.
942 _ddc
_cB
999 _c32057
_d32057